Mechanics of materials: (Record no. 7902)

MARC details
000 -LEADER
fixed length control field 00491 a2200169 4500
010 ## - LCCN (DPL NO)
LC control number ENG-88245
020 ## - INTERNATIONAL STANDARD BOOK NUMBER
International Standard Book Number 8120332027
Terms of availability 295.00
035 ## - SYSTEM CONTROL NUMBER
System control number EN-71778
037 ## - SOURCE OF ACQUISITION
Source of stock number/acquisition DBAD / PUB
082 14 - DEWEY DECIMAL CLASSIFICATION NUMBER
Classification number 620.112
100 1# - MAIN ENTRY--PERSONAL NAME
Personal name Jayram, M. A.
245 1# - TITLE STATEMENT
Title Mechanics of materials:
Statement of responsibility, etc by M. A. Jayaram
Remainder of title with programs in C/
260 ## - PUBLICATION, DISTRIBUTION, ETC. (IMPRINT)
Place of publication, distribution, etc New Delhi
Name of publisher, distributor, etc Printice Hall of India
Date of publication, distribution, etc 2007
300 ## - PHYSICAL DESCRIPTION
Extent xii, 396 p.
Dimensions 24cm (Pbk)
500 ## - GENERAL NOTE
General note Includes index
942 ## - ADDED ENTRY ELEMENTS (KOHA)
Institution code [OBSOLETE] dpl
Item type English Books
Source of classification or shelving scheme Dewey Decimal Classification
Classification part 620.112
Call number suffix JAY
Holdings
Withdrawn status Lost status Not for loan Collection code Home library Current library Source of acquisition Cost, normal purchase price Full call number Barcode Copy number Cost, replacement price Koha item type
    Not For Loan Non-fiction D.B.Act.Division D.B.Act.Division DBAD/PUB 295.00 620.112 JAY EN-71778 1 295.00 English Books

© Delhi Public Library
Hit Counter
free hit counter